<The> Quarterly Review of Economics and Finance

Gespeichert in:
Bibliographische Detailangaben
Format: Schriftenreihe
Sprache:Englisch
Veröffentlicht: New York Elsevier Science Publ. 2018
Tags: Tag hinzufügen
Keine Tags, Fügen Sie das erste Tag hinzu!

MARC

LEADER 00000nas2a2200000 4500
001 0247394
005 20230131150245.3
022 |a 1062-9769 
041 0 |a eng 
044 |a US 
245 1 0 |a <The> Quarterly Review of Economics and Finance 
264 1 |a New York  |b Elsevier Science Publ.  |c 2018 
773 0 |w eu_un_cat*s120263 
774 0 |w eu_un_cat*0290771